000 00587nam a2200181 i 4500
001 74881
003 ES-MaACL
005 20230906172257.0
007 t|
008 040921s1940 cu ||||1| spa d
100 1 _aGovea Peña, J.
_959381
245 1 3 _aLa hipertensión arterial en los caos de fibroma del útero /
_cpor J. Govea Peña y J. Pujol.
260 _aLa Habana :
_b[s.n.,
_c1940]
300 _a4 h. ;
_c27 cm.
500 _aEs Separata de: Crónica Médico Quirúrjica de La Habana, nº 3 de 1940.
700 1 _aPujol, J.
_994336
852 _aES-MaACL
_j1846-F-15
_bR.20396
999 _c74881
_d74881